00985nam a2200217 a 4500001001000000005001700010008004100027040002600068050002100094100003200115245016400147260008000311300003200391500011100423650004800534700002300582700003400605942001100639999001500650952010200665BRCA_215620190320203707.0000516s1999 onc#---##b---f000-0deng-d aCaOODPbengcNLCdDLC 4aN6555b.L69 19991 aLozano, Luis-Martín9209910aMexican Modern Artb1900-1950cLuis-Martín Lozano ; with contributions by Laura González Matute ... [et al.] ; under the general editorship of Mayo Graham. aOttawabNational Gallery of Canada : The Montreal Museum of Fine Artsc1999 a190 p.bil. a colorc30 cm. aCatálogo de la exposición realizada en National Gallery of Canada, (Otawa), 25 febrero - 21 mayo, 200014aArte mexicanovExposicionesySiglo XX926181 aGraham, Mayo965031 aGonzález Matute, Laura9484 2lcccB c1913d1913 00104070aBRCAbBRCAd2008-08-14l0oN6555 .L69 1999p01211r2019-03-22 00:00:00w2019-03-22yB